| 000 | 00564nam a22001817a 4500 | ||
|---|---|---|---|
| 005 | 20251108164021.0 | ||
| 008 | 250721s9999 xx 000 0 ara d | ||
| 082 | 1 | 4 | _a346.0482/كنع |
| 100 | 1 | _aكنعان، نواف | |
| 245 | 1 | 0 |
_aحق المؤلف : _bالنماذج المعاصرة لحق المؤلف و وسائل حمايته / |
| 264 | 1 |
_aعمان : _bمكتبة دار الثقافة، _c[19-]. |
|
| 300 | _a453ص. | ||
| 650 | 1 | 7 | _aالتأليف |
| 650 | 1 | 7 | _aالمؤلفين |
| 650 | 1 | 7 | _aحقوق النشر |
| 942 |
_2ddc _cBK |
||
| 999 |
_c1532 _d1532 |
||